| 000 | 00884nam a2200253Ia 4500 | ||
|---|---|---|---|
| 008 | 191130s2005##################000#0#eng## | ||
| 020 | _a9780761927549 | ||
| 022 | _a2004016441 | ||
| 040 |
_aACL _cACL |
||
| 082 | _a302.35 TOR | ||
| 100 | _aTorres, Rosalie T | ||
| 245 |
_aEvaluation strategies for communicating and reporting : enhancing learning in organizations _cRosalie T. Torres, Hallie Preskill, Mary E. Piontek |
||
| 250 | _a2nd ed | ||
| 260 |
_aThousand Oaks, CA _bSAGE Publications _cc2005 |
||
| 300 | _axvii, 366 p. ; 26 cm | ||
| 500 | _aIncludes bibliographical references (p. 349-358) and index | ||
| 650 | _aCommunication in organizations - Evaluation | ||
| 650 | _aOrganizational learning - Evaluation | ||
| 700 | _aPiontek, Mary E | ||
| 700 | _aPreskill, Hallie S | ||
| 990 | _addab18dfac10000c5c88bb919c9aa808 | ||
| 991 | _a242224 | ||
| 999 |
_c178393 _d178393 |
||